Obras selectas

Guardat en:
Dades bibliogràfiques
Autor principal: Greene, Graham (Autor)
Format: Llibre
Idioma:espanyol
Publicat: Barcelona Planeta 1976
Matèries:
Etiquetes: Afegir etiqueta
Sense etiquetes, Sigues el primer a etiquetar aquest registre!

MARC

LEADER 00000nam a2200000 a 4500
001 UCQ3911
003 CL-VaPUC
008 980828e19760000SP |||||||||||||||||spa|d
082 0 4 |a 823  |b GRE  |2 21 
100 0 |a Greene, Graham  |e author  |9 309259 
245 1 0 |a Obras selectas 
300 |a v 
942 |c BK 
945 |d 19980828 00:00:00  |a crobeson 
260 |a Barcelona  |b Planeta  |c 1976 
500 |a v.1: Novelas 
650 0 |a Novelas inglesas  |9 265220 
650 0 |a Literatura inglesa  |9 312907 
583 |a last modification  |c 19980828 00:00:00  |k Rodrigo Vera 
999 |c 274422  |d 274420 
952 |0 0  |1 0  |4 0  |6 823_000000000000000_GRE_1976  |7 0  |8 A  |9 310582  |a BIBEDU  |b BIBEDU  |d 2019-11-20  |h v.1  |i 1459619  |o 823 GRE 1976  |p 1459619  |r 2019-11-20  |w 2019-11-20  |y BK  |k LIT